Statistics for David Bowie Filmography

Click here to take the quiz!

General Stats

  • This quiz has been taken 47 times
    (22 since last reset)
  • The average score is 13 of 107

Answer Stats

TypeYearName% Correct
Film1986Labyrinth
80%
Film1976The Man Who Fell to Earth
80%
Film1983Merry Christmas, Mr. Lawrence
65%
Theater1980-1981The Elephant Man
55%
TV Show1999-2000The Hunger
55%
Film1983The Hunger
55%
Film2006The Prestige
45%
Documentary2017David Bowie: Stardust
40%
Film1978Just a Gigolo
40%
Concert Film1984Serious Moonlight
30%
TV Show2017Twin Peaks
30%
Film1986Absolute Beginners
25%
TV Film1982Baal
25%
Film1996Basquiat
25%
Short Film1984Jazzin' for Blue Jean
25%
TV Show2007SpongeBob SquarePants
25%
Film1988The Last Temptation of Christ
25%
Film1992Twin Peaks: Fire Walk with Me
25%
Film1983Yellowbeard
25%
Film1981Christiane F. - We Children from Bahnhof Zoo
20%
Concert Film1975Cracked Actor
20%
Concert Film1988Glass Spider
20%
Theater2015-2016Lazarus
20%
Short Film1969The Image
20%
TV Short1982The Snowman
20%
Film1969The Virgin Soldiers
20%
Film2001Zoolander
20%
TV Show2006Extras
15%
Film1985Into the Night
15%
Short Documentary1984Love You till Tuesday
15%
Theater1967-1968Pierrot in Turquoise
15%
Film1991The Linguini Incident
15%
Concert Film1974Ziggy Stardust and the Spiders from Mars
15%
Film2007Arthur and the Invisibles
10%
Documentary2002Best of Bowie
10%
Concert Film2002Best of Bowie
10%
Concert Film1997David Bowie and Friends: A Very Special Birthday Concert
10%
TV Documentary1997David Bowie - Changes
10%
TV Documentary2016David Bowie: Sound and Vision
10%
Short Film2000Empty
10%
Documentary1988Imagine: John Lennon
10%
Film1999Mr. Rice's Secret
10%
Concert Film1985Ricochet
10%
Documentary2006Scott Walker: 30 Century Man
10%
TV Show1968Theatre 625
10%
TV Show1999VH1 Storytellers
10%
Documentary Series1998American Masters
5%
Film2008August
5%
Film2009Bandslam
5%
Concert Film1993Black Tie White Noise
5%
Documentary1983Cool Cats: 25 Years of Rock 'n' Roll Style
5%
Documentary2013David Bowie: Five Years
5%
TV Show1991Dream On
5%
Film1998Everybody Loves Sunshine
5%
TV Show1993Full Stretch
5%
Documentary1983Group Madness: The Making of Yellowbeard
5%
Film1998Gunslinger's Revenge
5%
Documentary1997Inspirations
5%
Concert Film1978Live at the Beat Club
5%
Documentary2003Mayor of the Sunset Strip
5%
TV Short1970Pierrot in Turquoise or The Looking Glass Murders
5%
Documentary1987Queen: Magic Years, Volume One - A Visual Anthology
5%
Concert Film2003Reality
5%
Documentary1990Superstar: The Life and Times of Andy Warhol
5%
Concert Film1973The 1980 Floor Show
5%
Video Game1999The Nomad Soul
5%
TV Film2004The Rutles 2: Can't Buy Me Lunch
5%
Concert Film1992Tin Machine Live: Oy Vey, Baby
5%
Documentary1992Travelling Light
5%
Documentary2017Beside Bowie: The Mick Ronson Story
0%
TV Special2000Bowie at the BBC
0%
Concert Film2018Bowie Glastonbury 2000
0%
Documentary2010Bowie, Iggy & Lou 1971-1973: The Sacred Triangle
0%
TV Documentary1996Bowie og Bornedal
0%
Documentary2016Bowie: The Man Who Changed the World
0%
TV Documentary1993Chameleon of Pop: David Bowie Story
0%
TV Documentary2012David Bowie & the Story of Ziggy Stardust
0%
TV Documentary1997David Bowie: An Earthling at 50
0%
Concert Film2004David Bowie: A Reality Tour
0%
Concert Film2000David Bowie Concert, Roseland Ballroom
0%
TV Documentary2019David Bowie: Finding Fame
0%
Documentary Mini-Series2022David Bowie - In & Out
0%
Documentary2013David Bowie Is
0%
Documentary2017David Bowie: Metamorphosis - An Eclectic Documentary
0%
Documentary2007David Bowie: Plastic Soul Review
0%
Documentary2010David Bowie: Rare and Unseen
0%
Documentary2017David Bowie: The Last Five Years
0%
Documentary2016David Bowie: The Man Who Stole the World
0%
TV Special2003David Smiling Bowie
0%
TV Special2000Especial David Bowie
0%
TV Documentary2002Hollywood Rocks the Movies: The 1970's
0%
TV Documentary2002Hr. Vinterberg & Mr. Bowie
0%
Video Game1994Jump: The David Bowie Interactive CD-ROM
0%
Short Documentary2016Let's Dance: Bowie Down Under
0%
TV Documentary2014Let's Dance: How Bowie Played the Outback
0%
TV Special2002Live by Request: David Bowie
0%
Commercial2013Louis Vitton
0%
Commercial1969Lyons Maid Ice Cream
0%
TV Mini-Series2005Nathan Barley
0%
Documentary Series1975, 1986, 2001Omnibus
0%
Commercial1987Pepsi
0%
Theater1982Rock 'N Roll! The First 5,000 Years
0%
TV Documentary2012The Genius of David Bowie
0%
Documentary Mini-Series1995The History of Rock 'n' Roll
0%
Commercial2003Vittel Bottled Water
0%
TV Special2013We Were So Turned On: A Tribute to David Bowie
0%
Commercial2002XM Satellite Radio
0%

Score Distribution

Percentile by Number Answered

Percent of People with Each Score

Your Score History

You have not taken this quiz since the last reset